La decisión: aportes para la integración Latinoamericana

Zapisane w:
Opis bibliograficzny
Format: Książka
Język:hiszpański
Wydane: Caracas IFEDEC 1987
Seria:Colección Seminarios
Hasła przedmiotowe:
Etykiety: Dodaj etykietę
Nie ma etykietki, Dołącz pierwszą etykiete!

MARC

LEADER 00000nam a2200000 a 4500
001 UCW8875
003 CL-VaPUC
008 881103e19870000VE |||||||||||||||||spa|d
082 0 4 |a 338.918  |b DEC  |2 21 
245 1 3 |a La decisión: aportes para la integración Latinoamericana 
300 |a 512 p 
942 |c BK 
945 |d 19881103 00:00:00 
260 |a Caracas  |b IFEDEC  |c 1987 
650 0 |a Integración económica  |9 255024 
651 0 |a América Latina   |9 255027 
583 |a last modification  |c 19881103 00:00:00  |k Rodrigo Vera 
490 0 |a Colección Seminarios 
999 |c 221082  |d 221080 
952 |0 0  |1 0  |4 0  |6 338_918000000000000_DEC_1987  |7 0  |8 A  |9 214045  |a BIBENE  |b BIBENE  |d 2019-11-15  |i 2824515  |o 338.918 DEC 1987  |p 2824515  |r 2025-01-15  |w 2019-11-15  |y BK  |k ICO